Biggest Asian "T" Cities by Picture - Statistics

General Stats
  • This quiz has been taken 112 times
  • The average score is 6 of 16
Answer Stats
Picture Hint Answer % Correct
🇹🇼 2,590,000 Taipei
99%
🇯🇵 9,730,000 Tōkyō
99%
🇮🇷 8,690,000 Tehrān
87%
🇺🇿 2,860,000 Tashkent
80%
🇨🇳 11,050,000 Tiānjīn
77%
🇮🇷 1,570,000 Tabriz
30%
🇹🇼 3,030,000 Taichung
27%
🇹🇼 1,880,000 Tainan
27%
🇨🇳 4,300,000 Tàiyuán
27%
🇨🇳 2,550,000 Tángshān
15%
🇮🇳 1,680,000 Thiruvananthapuram
15%
🇹🇼 2,440,000 Taoyuan
14%
🇨🇳 1,490,000 Táizhōu
12%
🇮🇩 1,800,000 Tangerang
12%
🇨🇳 1,420,000 Tàiān
11%
🇮🇳 1,860,000 Thrissur
8%
No matching quizzes found
Score Distribution
Percent of People with Each Score
Percentile by Number Answered
Your Score History
You have not taken this quiz